Como Panas - Bryant Myers - Estadísticas

Estadísticas generales
  • Esta prueba ha sido intentada 46 veces
  • La puntuación promedio es 284 de 423
Estadísticas de respuestas
Letra % Correcto
a
94%
de
94%
en
89%
En
89%
la
89%
me
89%
Me
89%
pa'
89%
Pa'
89%
to'
89%
Todo
89%
un
89%
así
83%
como
83%
Como
83%
lo
83%
panas
83%
que
83%
Te
83%
te
83%
y
83%
yo
83%
Yo
83%
yo,
83%
con
78%
Contigo
78%
Desde
78%
es
78%
mi
78%
78%
nada
78%
ni
78%
se
78%
una
78%
cel
72%
cel'
72%
comenzó
72%
da'
72%
el
72%
El
72%
encendiendo
72%
enchulé
72%
esperaba
72%
fue
72%
llama
72%
mami
72%
Mami
72%
Mami,
72%
pantalla
72%
pasó
72%
poco
72%
Poquito
72%
probé,
72%
probé
72%
puse
72%
sí,
72%
ti,
72%
ti
72%
72%
72%
tú,
72%
tú-ú
72%
buscaba
67%
carrusel
67%
encontré
67%
envolví
67%
envolví,
67%
no
67%
No
67%
cabeza,
61%
cabeza
61%
das
61%
ere'
61%
I
61%
lu'
61%
sin
61%
vuelta'
61%
dejó
56%
dejo
56%
eres
56%
esto
56%
hay
56%
Nunca
56%
nunca
56%
nunca,
56%
pa'l
56%
Baby,
50%
Bebé
50%
cabrón
50%
Cuando
50%
del
50%
Enchulao'
50%
Enchulao',
50%
eso
50%
estoy
50%
hada
50%
Jennifer
50%
lao'
50%
las
50%
Le
50%
mirar
50%
pero
50%
brincaste
44%
corazón
44%
don't
44%
erizar
44%
falla
44%
full
44%
ganaste
44%
guaya
44%
había
44%
hacer
44%
haces
44%
hechizaste
44%
llevar,
44%
lose
44%
medalla
44%
mejor
44%
muralla
44%
ninguna
44%
normal
44%
otra
44%
otro
44%
pincel
44%
por
44%
provocas
44%
puesto
44%
quedo
44%
raya
44%
rubí,
44%
Sacas
44%
Scooby
44%
sea
44%
Shaggy
44%
siempre
44%
si-em-pre
44%
toalla
44%
vayas,
44%
ver
44%
Voy
44%
voy
44%
vueltas
44%
wanna'
44%
Yeah,
44%
yeah,
44%
yeah
44%
Alex
39%
Aquel
39%
besas
39%
cama
39%
canalla
39%
colores
39%
control
39%
correr
39%
empiezo
39%
enjaulao'
39%
ese
39%
evitar
39%
fría
39%
Himalaya
39%
inseparables
39%
luchar
39%
metralla
39%
movies
39%
mundo
39%
Nadie
39%
olvides
39%
otras
39%
Pierdo
39%
pinto
39%
prendo
39%
puedo
39%
Somos
39%
tiraré
39%
tocas
39%
toque
39%
usar
39%
Woodie
39%
you
39%
está
33%
exclusive
33%
for-e-ver
33%
for-e-ver,
33%
Light
33%
Rodri
33%
(yeh-yeh)
28%
Babe
22%
boss
6%
No se encontraron pruebas coincidentes
Distribución de puntuación
Porcentaje de gente con cada puntuación
Porcentaje por número respondido
Historial de tus puntuaciones
No has intentado esta prueba.